Formula 1: Drivers Who Beat Them - Jenson Button - Statistics

General Stats
  • This quiz has been taken 21 times
  • The average score is 34 of 39
Answer Stats
Beat them in Answer Nationality Teams % Correct
2015-2016 Carlos Sainz Spain Toro Rosso
100%
2014-2016 Daniel Ricciardo Australia Red Bull
100%
2000-2003, 2007-2008 David Coulthard UK McLaren, Red Bull
100%
2003, 2005-2008, 2010, 2012-2014, 2016 Fernando Alonso Spain Renault, McLaren, Ferrari
100%
2007-2008 Heikki Kovalainen Finland Renault, McLaren
100%
2000-2001 Jacques Villeneuve Canada BAR
100%
2001-2003, 2005 Juan Pablo Montoya Colombia Williams, McLaren
100%
2001-2003, 2005-2008, 2012-2016 Kimi Räikkönen Finland Sauber, McLaren, Ferrari, Lotus
100%
2007-2008, 2010, 2012-2016 Lewis Hamilton UK McLaren, Mercedes
100%
2015-2016 Max Verstappen Netherlands Toro Rosso
100%
2000-2001 Mika Häkkinen Finland McLaren
100%
2015-2016 Nico Hulkenberg Germany Force India
100%
2007-2008, 2013-2016 Nico Rosberg Germany Williams, Mercedes
100%
2000-2005, 2008 Rubens Barrichello Brazil Ferrari, Honda
100%
2007-2008, 2010-2016 Sebastian Vettel Germany BMW Sauber, Toro Rosso, Red Bull, Ferrari
100%
2015-2016 Sergio Pérez Mexico Force India
100%
2014-2016 Valtteri Bottas Finland Williams
100%
2006-2008, 2013-2016 Felipe Massa Brazil Ferrari, Williams
94%
2000-2001, 2005-2008 Giancarlo Fisichella Italy Benetton, Renault
94%
2007-2008, 2010, 2013 Mark Webber Australia Red Bull
94%
2000-2006 Michael Schumacher Germany Ferrari
94%
2000-2003, 2005 Ralf Schumacher Germany Williams, Toyota
94%
2007-2008 Robert Kubica Poland BMW Sauber
94%
2013, 2015-2016 Romain Grosjean France Lotus, Haas
94%
2015-2016 Daniil Kvyat Russia Red Bull, Toro Rosso
89%
2001, 2003, 2005, 2007-2008 Jarno Trulli Italy Jordan, Renault, Toyota
89%
2001, 2007-2008 Nick Heidfeld Germany Sauber, BMW Sauber
89%
2015 Pastor Maldonado Venezuela Lotus
89%
2008 Nelson Piquet jr. Brazil Renault
83%
2001 Heinz-Harald Frentzen Germany Jordan, Prost
78%
2001 Pedro de la Rosa Spain Jaguar
72%
2001 Eddie Irvine UK Jaguar
67%
2001 Jean Alesi France Prost, Jordan
67%
2008 Timo Glock Germany Toyota
67%
2007 Alexander Wurz Austria Williams
61%
2015 Felipe Nasr Brazil Sauber
61%
2001 Olivier Panis France BAR
61%
2008 Kazuki Nakajima Japan Williams
44%
2008 Sébastien Bourdais France Toro Rosso
39%
No matching quizzes found
Score Distribution
Percent of People with Each Score
Percentile by Number Answered
Your Score History
You have not taken this quiz